Central Library OPAC University of Rajshahi

Tito's military accomplishment / (Record no. 23574)

MARC details
000 -LEADER
fixed length control field 00812cam a2200277 i 4500
001 - CONTROL NUMBER
control field 23574
003 - CONTROL NUMBER IDENTIFIER
rucl marc code BD-RjUL
005 - DATE AND TIME OF LATEST TRANSACTION
control field 20211209000939.0
008 - FIXED-LENGTH DATA ELEMENTS--GENERAL INFORMATION
fixed length control field 140311s1977 rb b 000 0 eng
035 ## - SYSTEM CONTROL NUMBER
System control number (BD-RjUL)23639
040 ## - CATALOGING SOURCE
Original cataloging agency DLC
Transcribing agency DLC
Modifying agency DLC
-- BD-RjUL
Language of cataloging eng
041 1# - LANGUAGE CODE
Language code of text/sound track or separate title engscr
082 00 - DEWEY DECIMAL CLASSIFICATION NUMBER
Classification number 355.00924
Author mark and year TIT 1977
245 00 - TITLE STATEMENT
Title Tito's military accomplishment /
Statement of responsibility, etc. Stevo Maoduš, editor.
260 ## - PUBLICATION, DISTRIBUTION, ETC. (IMPRINT)
Place of publication, distribution, etc. Belgrade :
Name of publisher, distributor, etc. Narodna armija,
Date of publication, distribution, etc. 1977.
300 ## - PHYSICAL DESCRIPTION
Pagination 318 p. ;
Size 21 cm.
500 ## - GENERAL NOTE
General note Translation of Titovo vojno delo.
504 ## - BIBLIOGRAPHY, ETC. NOTE
Bibliography, etc Includes bibliographical references.
600 10 - SUBJECT ADDED ENTRY--PERSONAL NAME
Personal name Tito, Josip Broz,
Dates associated with a name 1892-1980.
650 #0 - SUBJECT ADDED ENTRY--TOPICAL TERM
Topical term or geographic name as entry element Strategy.
9 (RLIN) 72571
700 1# - ADDED ENTRY--PERSONAL NAME
Personal name Maoduš, Stevo.
942 ## - ADDED ENTRY ELEMENTS (KOHA)
Source of classification or shelving scheme Dewey Decimal Classification
Koha item type Books
Holdings
Lost status Source of classification or shelving scheme Damaged status Not for loan Collection code Permanent Location Current Location Shelving location Date acquired Source of acquisition Total Checkouts Full call number Date last seen Copy number Koha item type
  Dewey Decimal Classification   Added to bundle Non-fiction Central Library, University of Rajshahi Central Library, University of Rajshahi Reading Room 31/07/1991 Shamsun Nahar   355.00924 TIT 1977 11/03/2014 C-1 Books